00629nam a2200181 i 450000100060000000300090000600500170001500700030003200800410003508000200007610000300009624500930012626000340021930000330025385200220028699900170030895201220032520639ES-MaACL20230906152334.0t|021115s1968 sp afo |||| | spa d a821.131.2-9"19"1 aAcosta Moro, Luis.91831710aCabeza de muñeca, excombatiente e introducción dedicada a un buzo /cL. Acosta Moro. aBarcelona : bMarte, c[1968] a215 p., 68 lám. ; c25 cm. aES-MaACLjC-36927 c20639d20639 00104070aATENEOMbATENEOMcDEPO2d2008-01-17eSCl0oC-36927p1021191r2023-02-23 00:00:00w2023-02-23yMONOGRAFIA